000 00342 a2200157 4500
001 56648
020 _a9788502083943
040 _cAnchieta - Pituba
100 _aMartinelli, Tânia Alexandre
240 1 0 _aPerseguição
_lpor
245 1 0 _aPerseguição
300 _a104
362 0 _a2009
650 4 _aLiteratura juvenil
942 _cBK
999 _c56648
_d56648